000 00641nam a2200241Ia 4500
001 32325
005 20240114001601.0
007 ta
008 060823s1999 g b000 u 346 u
040 _aCotton College Assam
041 _a346
082 _a954.301
_bCh 36 Th
100 _aChanda, Saroj .
245 0 _aTripurai Samaj Sanskriti Santrashbad /
_cSaroj Chanda.
_hTextual Documents
250 _a1st ed. /
260 _aAgartala :
_bTripura Darpan ,
_c1999.
300 _a136p. ;
_c22cm.
653 _aBengali Essays-Tripura
653 _aG-Bengali
942 _2ddc
_cBK
999 _c32307
_d32307